まほろば連邦加盟自治体の現在の市町村名 - Statistics

General Stats
  • This quiz has been taken 17 times
  • The average score is 6 of 12
Answer Stats
当時の自治体名 都道府県 現在の自治体名 % Correct
大和市 神奈川県 大和市
100%
大和村 鹿児島県 大和村
69%
大和町 宮城県 大和町
69%
大和町 山口県 光市
50%
大和町 佐賀県 佐賀市
44%
大和村 山梨県 甲州市
44%
大和村 茨城県 桜川市
38%
大和町 福岡県 柳川市
38%
大和町 新潟県 南魚沼市
38%
大和町 広島県 三原市
38%
大和村 島根県 美郷町
38%
大和町 岐阜県 郡上市
38%
No matching quizzes found
Score Distribution
Percent of People with Each Score
Percentile by Number Answered
Your Score History
You have not taken this quiz